Chuyển đến nội dung
החשבון שלך
יציאה מהחשבון
כניסה לחשבון
שפה
English
Deutsch
Español
Français
Italiano
日本語
Nederlands
Português
Português (Brasil)
中文(简体)
中文(繁體)
Türkçe
עברית
Gaeilge
Cymraeg
Ελληνικά
Català
Euskara
Русский
Čeština
Suomi
Svenska
polski
Dansk
slovenščina
اللغة العربية
বাংলা
Galego
Tiếng Việt
Hrvatski
हिंदी
כל השדות
כותר
מחבר
נושא
סימן המיקום
ISBN/ISSN
תג
מצא
מתקדם
Flow of funds in Japan, 1991
תצוגת צוות
יצירת מראה מקום
שלח את זה
הדפסה
יצוא רשומה
יצוא אל RefWorks
יצוא אל EndNoteWeb
יצוא אל EndNote
יצוא אל MARC
יצוא אל MARCXML
יצוא אל RDF
יצוא אל BibTeX
יצוא אל RIS
הוספה למועדפים
Flow of funds in Japan, 1991
שמור ב:
מידע ביבליוגרפי
פורמט:
ספר
שפה:
Undetermined
יצא לאור:
Tokyo
1992
נושאים:
Finance
Japan
תגים:
הוספת תג
אין תגיות, היה/י הראשונ/ה לתייג את הרשומה!
Thư viện lưu trữ:
Trung tâm Học liệu Trường Đại học Cần Thơ
מלאי ספרים
תיאור
הערות
פריטים דומים
תצוגת צוות
LEADER
00385nam a2200157Ia 4500
001
CTU_97354
008
210402s9999 xx 000 0 und d
082
|a
332
082
|b
F644
245
0
|a
Flow of funds in Japan, 1991
260
|a
Tokyo
260
|c
1992
650
|a
Finance
650
|z
Japan
904
|i
Tuyến
980
|a
Trung tâm Học liệu Trường Đại học Cần Thơ
פריטים דומים
Flow of funds in Japan in 1987
יצא לאור: (1988)
Japan :
מאת: Monroe, Wilbur F.
יצא לאור: (1973)
Japan's international finance :
מאת: Masao, Fujioka
יצא לאור: (1979)
Japan's finance and industry
מאת: Kaya, Okinori
יצא לאור: (1938)
Money and banking in Japan :
יצא לאור: (1973)
טוען...